| 000 | 00650nam a2200205Ia 4500 | ||
|---|---|---|---|
| 003 | GCL | ||
| 008 | 140319s9999 xx 000 0 ara d | ||
| 040 |
_aGCL / _cGCL |
||
| 082 | 0 | 4 |
_a811.024 _bع د |
| 100 | 1 | _aعلى النجدى ناصف | |
| 245 | 1 | 0 |
_aدراسة فى حماسة ابى تمام / _cعلى النجدى ناصف |
| 260 |
_a[S.N] : _bدار نهضة مصر للطبع والنشر ، _c1981 |
||
| 300 | _a123 ص | ||
| 490 | _a | ||
| 650 | 0 | 4 | _aالشعر العربى |
| 650 | 0 | 4 | _aالادب العربى |
| 650 | 0 | 4 | _aابوتمام، حبيب بن اوس الطائى |
| 650 | 0 | 4 | _aتاريخ ونقد |
| 942 |
_2ddc _cBK |
||
| 999 |
_c31993 _d31993 |
||